00310nam a22001217a 4500008004100000082001000041100002000051245004300071260002900114270002700143300001000170490000800180230821b ||||| |||| 00| 0 eng d aS-MUD aMudugal, Chitra aHyena and Other Short StorieshEnglish aDelhibA.I.C.B. cRohini aA.I.C.B. Rohini, Delhi a12x13 v1-2